Normal view
MARC view
Entry Personal Name
001 - CONTROL NUMBER
- control field: 44013
003 - CONTROL NUMBER IDENTIFIER
- control field: dpl
005 - DATE AND TIME OF LATEST TRANSACTION
- control field: 20120321093552.0
008 - FIXED-LENGTH DATA ELEMENTS
- fixed length control field: 120321|||a|||||| | ||| d
040 ## - CATALOGING SOURCE
- Original cataloging agency: dpl
- Transcribing agency: dpl
100 ## - HEADING--PERSONAL NAME
- Personal name: जोशी, दिनकर
670 ## - SOURCE DATA FOUND
- Source citation: Work cat.: (dpl)64129: जोशी, दिनकर, भारतीय संस्कृति के सर्जक /, 2005
670 ## - SOURCE DATA FOUND
- Source citation: Work cat.: (dpl)64129: जोशी, दिनकर, भारतीय संस्कृति के सर्जक /, 2005
